000 00667nam a22002297a 4500
005 20260216091249.0
008 260216b |||||||| |||| 00| 0 eng d
020 _a9789357752800
037 _cTB
040 _aCRL
_cCRL
041 _2eng
_aeng
084 _aV2,4N25 R3
_qCRL
100 _aVaidya, Manmohan
_91115968
245 _aWe and the world around
260 _aNew delhi, India:
_bVani Prakashan group,
_c2023.
300 _a236p.
365 _b350
_cINR
650 _aPolitical Parties
_91115969
650 _aPolitical Science
_91115970
942 _2CC
_cTB
_hV2,4N25 R3
_n0
999 _c1679714
_d1679714